Návrh a realizácia robotizovaného pracoviska pre manipulačné úlohy so strojovým videním
Guardado en:
| Autor principal: | |
|---|---|
| Otros Autores: | |
| Formato: | Manuscrito Libro |
| Lenguaje: | eslovaco |
| Publicado: |
2025
|
| Materias: | |
| Acceso en línea: | http://is.stuba.sk/zp/portal_zp.pl?podrobnosti=179939 |
| Etiquetas: |
Sin Etiquetas, Sea el primero en etiquetar este registro!
|
MARC
| LEADER | 00000ntm a22000003a 4500 | ||
|---|---|---|---|
| 001 | stuzp105551 | ||
| 003 | SK-STU | ||
| 005 | 20250628212852.1 | ||
| 007 | ta | ||
| 008 | 150427s2015----xo-----f-mn---000-0-slo-d | ||
| 040 | |a STU |b slo | ||
| 041 | 0 | |a slo | |
| 100 | 1 | |a Števaňák, Jaroslav |u 020020 |4 aut |U SjF Strojnícka fakulta |T SjF Ústav automatizácie, informatizácie a merania |X 123580 |U J0020 |Y 802 |7 123580 | |
| 242 | 0 | 1 | |a Design and implementation of a robotic workstation for manipulation tasks using machine vision |y eng |
| 245 | 1 | 0 | |a Návrh a realizácia robotizovaného pracoviska pre manipulačné úlohy so strojovým videním |
| 260 | |c 2025 | ||
| 650 | 4 | |a kolaboratívny robot |2 slo | |
| 650 | 4 | |a UR10e |2 slo | |
| 650 | 4 | |a strojové videnie |2 slo | |
| 650 | 4 | |a uchopovač |2 slo | |
| 650 | 4 | |a PLC |2 slo | |
| 650 | 4 | |a PLC |2 eng | |
| 650 | 4 | |a collaborative robot |2 eng | |
| 650 | 4 | |a machine vision |2 eng | |
| 650 | 4 | |a gripper |2 eng | |
| 650 | 4 | |a UR10e |2 eng | |
| 700 | 1 | |a Gulan, Martin |u 020020 |k Z1 |4 ths |U SjF Strojnícka fakulta |T SjF Ústav automatizácie, informatizácie a merania |X 49587 |U J0020 |Y 802 |7 A000049587 | |
| 856 | 4 | |u http://is.stuba.sk/zp/portal_zp.pl?podrobnosti=179939 | |